000 00868nam a2200241 i 4500
001 163689
003 ES-MaACL
005 20250303062549.0
008 951113q1898 sp |||| | spa d
100 1 _aRod, Edouard.
_998088
245 1 3 _aEl silencio
_b: novela /
_cpor Eduardo Rod ; con un estudio acerca del autor por E. Pardo Bazán.
260 _aMadrid :
_bLa España Moderna,
_c[1898]
300 _a207 p. ;
_c23 cm.
490 1 _aLos grandes autores contemporáneos
530 _aDisponible en formato digital.
600 1 4 _aRod, Edouard.
_998088
700 1 _aPardo Bazán, Emilia,
_cCondesa de,
_d1851-1921
_9176434
830 0 _aLos grandes autores contemporáneos
_9184644
852 _aES-MaACL
_jF-14871
856 _uhttp://bdh-rd.bne.es/viewer.vm?id=0000231564&page=1
_zBiblioteca Digital Hispánica
942 _2udc
999 _c163689
_d163689